| 000 | 00305nam a2200121Ia 4500 | ||
|---|---|---|---|
| 008 | 240731s9999 xx 000 0 und d | ||
| 022 | _a1551-7861 | ||
| 245 | 0 | _aEuropean Diabetes Nursing | |
| 260 | _bTaylor & Francis | ||
| 856 | _uhttps://www.tandfonline.com/loi/yidn19 | ||
| 942 | _2ddc | ||
| 942 | _cTFEJ | ||
| 999 |
_c76496 _d76496 |
||
| 945 |
_a1 _bMadushi Gamage _c1 _dMadushi Gamage |
||